[Event "Tournoi francophone 007 Groupe C"]
[Site "Skype"]
[Date "????.??.??"]
[Round "1.1"]
[White "Tamditi, Ibrahim"]
[Black "Bouffard, Georges"]
[Result "1-0"]
[WhiteElo "1367"]
[BlackElo "1251"]
[PlyCount "71"]

1. e4 e5 2. c4 c5 3. Qh5 Qe7 4. Nf3 d6 5. d3 Nf6 6. Qh4 h6 7. Ng5 g6 8. Be2 h5
9. O-O Nbd7 10. Nc3 Bg7 11. Nf3 Nb6 12. Bg5 Be6 13. a4 Nbd7 14. Nb5 Qd8 15.
Nxd6+ Ke7 16. Nb5 a5 17. Qg3 Bh6 18. Nxe5 Nxe5 19. Qxe5 Bg7 20. Qxc5+ Kd7 21.
e5 Rc8 22. Qd4+ Ke8 23. Nd6+ Qxd6 24. Qxd6 Rd8 25. Qc5 Bf8 26. Qxa5 Be7 27.
exf6 Bd6 28. Qb5+ Rd7 29. Rfe1 Kf8 30. Bf3 Bf5 31. Bxb7 Bxd3 32. Qxd7 Kg8 33.
Re8+ Bf8 34. Qe7 Kh7 35. Qxf7+ Bg7 36. Qxg7# 1-0

[Event "Tournoi francophone 007 Groupe C"]
[Site "Skype"]
[Date "????.??.??"]
[Round "1.2"]
[White "Le Brun, Yves"]
[Black "Vincent, Andre"]
[Result "1-0"]
[WhiteElo "1491"]
[BlackElo "1263"]
[PlyCount "97"]

1. e4 e5 2. f4 exf4 3. Nf3 d6 4. Bc4 Be7 5. O-O Nf6 6. d3 Be6 7. Bxe6 fxe6 8.
Bxf4 e5 9. Bg5 Nbd7 10. Nc3 c6 11. Kh1 O-O 12. Qd2 Qe8 13. Ne2 Rf7 14. Ng3 g6
15. Be3 Ng4 16. Bg1 Qf8 17. h3 Qh6 18. Qxh6 Nxh6 19. Be3 Kg7 20. Ng5 Rxf1+ 21.
Rxf1 Rf8 22. Kg1 Rxf1+ 23. Kxf1 Bxg5 24. Bxg5 b5 25. Be7 Nf7 26. h4 h5 27. Ne2
Nc5 28. Kf2 a5 29. Ke3 a4 30. d4 Ne6 31. dxe5 dxe5 32. b3 Kh6 33. Bb4 g5 34. g3
Kg6 35. c4 c5 36. Bd2 Nd4 37. cxb5 axb3 38. axb3 Nf3 39. b6 Nd8 40. Kd3 gxh4
41. gxh4 Kf7 42. Be3 Nb7 43. Ng3 Nxh4 44. Nxh5 Ng6 45. Kc4 Ne7 46. Kb5 Nc8 47.
Ka6 Nbd6 48. b7 Nxb7 49. Kxb7 1-0

[Event "Tournoi francophone 007 Groupe C"]
[Site "Skype"]
[Date "????.??.??"]
[Round "1.3"]
[White "Gabriele, Noel"]
[Black "Briere, Jean"]
[Result "0-1"]
[WhiteElo "1404"]
[BlackElo "1381"]
[PlyCount "58"]

1. Nf3 d5 2. d4 Nf6 3. e3 Bg4 4. h3 Bxf3 5. Qxf3 e6 6. Bd3 Nc6 7. a3 Bd6 8. c3
e5 9. Qd1 O-O 10. O-O e4 11. Bc2 Ne7 12. f3 Nf5 13. f4 g6 14. Qe2 Ng3 15. Qf2
Nxf1 16. Qxf1 c6 17. b4 b5 18. Nd2 a5 19. Nb3 axb4 20. cxb4 Bxb4 21. Nc5 Bxc5
22. dxc5 Nd7 23. f5 Qf6 24. Bd2 gxf5 25. Qe1 Qg6 26. Bc3 f6 27. Bd1 Ne5 28. Kh1
Rf7 29. Bh5 Qxh5 0-1

[Event "Tournoi francophone 007 Groupe C"]
[Site "Skype"]
[Date "????.??.??"]
[Round "1.4"]
[White "Ambrosino, Theo"]
[Black "Maccaferri, Massimo"]
[Result "1-0"]
[WhiteElo "1540"]
[BlackElo "1357"]
[PlyCount "65"]

1. e4 e5 2. Nf3 Nc6 3. Bc4 Nd4 4. Nxe5 Qg5 5. Nf3 Qxg2 6. Nxd4 Qxh1+ 7. Bf1
Qxe4+ 8. Ne2 d5 9. Nbc3 d4 10. Nxe4 Bd6 11. Nxd6+ cxd6 12. Nxd4 Nf6 13. Bb5+
Bd7 14. Bxd7+ Nxd7 15. Qe2+ Ne5 16. d3 O-O 17. Be3 Rae8 18. O-O-O f5 19. f4 Ng4
20. Qf3 Nxe3 21. Re1 Ng4 22. Rxe8 Rxe8 23. Qd5+ Kh8 24. Nxf5 Rf8 25. Nxd6 Rxf4
26. Nxb7 h5 27. Qxh5+ Nh6 28. Nd6 Rf1+ 29. Kd2 Rf2+ 30. Kc3 Rf6 31. Qe8+ Kh7
32. Ne4 Ra6 33. Ng5# 1-0

[Event "Tournoi francophone 007 Groupe C"]
[Site "Skype"]
[Date "????.??.??"]
[Round "1.5"]
[White "Malbec, Robert"]
[Black "Hargez, Dany"]
[Result "1-0"]
[WhiteElo "1467"]
[BlackElo "1308"]
[PlyCount "91"]

1. e4 e5 2. Nf3 Nf6 3. Bc4 d5 4. Bxd5 Nxd5 5. exd5 Qxd5 6. Qe2 Nc6 7. Nc3 Qe6
8. O-O Be7 9. Re1 Bf6 10. a3 O-O 11. b4 a6 12. Ne4 Re8 13. Bb2 Bd7 14. Nxf6+
Qxf6 15. Nxe5 Nxe5 16. Bxe5 Qg6 17. Qf3 Bf5 18. d3 Re7 19. h3 Rae8 20. Bc3 c6
21. Rxe7 Rxe7 22. Re1 Rxe1+ 23. Bxe1 Qe6 24. Qe3 Qc8 25. Qg3 g6 26. Qe5 Qf8 27.
Bc3 f6 28. Qxf6 Qxf6 29. Bxf6 Kf7 30. Bb2 Ke6 31. g4 Bxd3 32. cxd3 Kd5 33. Kg2
c5 34. bxc5 Kxc5 35. Kf3 Kb5 36. Ke4 Ka4 37. f4 Kb3 38. Bc1 Kc2 39. Be3 b5 40.
f5 gxf5+ 41. gxf5 Kb3 42. Bc5 a5 43. f6 b4 44. axb4 axb4 45. Bxb4 Kxb4 46. f7
1-0

[Event "Tournoi francophone 007 Groupe C"]
[Site "Skype"]
[Date "????.??.??"]
[Round "2.1"]
[White "Bouffard, Georges"]
[Black "Hargez, Dany"]
[Result "0-1"]
[WhiteElo "1251"]
[BlackElo "1308"]
[PlyCount "134"]

1. d4 d5 2. c4 Bf5 3. Nc3 e6 4. f3 Bb4 5. e4 Bxc3+ 6. bxc3 dxe4 7. Qa4+ c6 8.
Be2 Qh4+ 9. g3 Qe7 10. Ba3 Qd7 11. Qb4 Ne7 12. Qxe7+ Qxe7 13. Bxe7 Kxe7 14.
fxe4 Bxe4 15. Bf3 Bf5 16. Rd1 Nd7 17. Ne2 Nf6 18. g4 Be4 19. Bxe4 Nxe4 20. O-O
Rhd8 21. Rd3 c5 22. Rf4 Nf6 23. g5 Nd7 24. d5 e5 25. d6+ Kf8 26. Rf5 g6 27. Rf2
e4 28. Rd5 e3 29. Rf4 Re8 30. Kg2 Re5 31. h4 h6 32. gxh6 Rh5 33. Rg5 Rxh6 34.
h5 Rxh5 35. Rxg6 Rh7 36. Kf3 Re8 37. Re4 Rxe4 38. Rg5 Rxc4 39. Kxe3 Rh3+ 40.
Rg3 Rxg3+ 41. Nxg3 Rxc3+ 42. Kf4 Ra3 43. Ne4 c4 44. Kf5 c3 45. Nf6 Ra5+ 46. Ke4
Nxf6+ 47. Kd3 c2 48. Kxc2 Rd5 49. Kc3 Rxd6 50. a4 Nd5+ 51. Kc4 f5 52. Kc5 Rd8
53. Kd4 f4 54. Ke4 Re8+ 55. Kf3 Re3+ 56. Kf2 f3 57. a5 Ra3 58. Kg3 Nf4 59. Kf2
Nh3+ 60. Kg3 f2+ 61. Kg2 Ra1 62. Kxh3 f1=Q+ 63. Kg4 Ra4+ 64. Kg3 Rf4 65. a6
Qf3+ 66. Kh2 Rh4+ 67. Kg1 Rh1# 0-1

[Event "Tournoi francophone 007 Groupe C"]
[Site "Skype"]
[Date "????.??.??"]
[Round "2.2"]
[White "Maccaferri, Massimo"]
[Black "Malbec, Robert"]
[Result "0-1"]
[WhiteElo "1357"]
[BlackElo "1467"]
[PlyCount "82"]

1. e4 e5 2. Bc4 Bc5 3. Qh5 Qe7 4. Nf3 Nf6 5. Qxe5 Qxe5 6. Nxe5 O-O 7. Nc3 Bd4
8. Nd5 Bxe5 9. d4 Nxd5 10. Bxd5 Bxd4 11. Bf4 c6 12. Bc4 Bxb2 13. Rd1 Re8 14. f3
Bc3+ 15. Bd2 Bxd2+ 16. Rxd2 b5 17. Bd3 Bb7 18. O-O Na6 19. a3 Nc5 20. Be2 a6
21. Rd5 cxd5 22. Rd1 dxe4 23. fxe4 Bxe4 24. c3 Rad8 25. Bg4 Re5 26. Re1 Rg5 27.
Bh3 d5 28. g3 Nd3 29. Re3 Ne5 30. Bg2 Bxg2 31. Kxg2 Nc4 32. Re7 Re5 33. Ra7
Rde8 34. Rxa6 g6 35. Rf6 Re3 36. g4 Rxc3 37. Ra6 Re2+ 38. Kf1 Rxh2 39. Kg1 Ra2
40. Rf6 Raxa3 41. Rf2 Ra1+ 0-1

[Event "Tournoi francophone 007 Groupe C"]
[Site "Skype"]
[Date "????.??.??"]
[Round "2.3"]
[White "Briere, Jean"]
[Black "Ambrosino, Theo"]
[Result "0-1"]
[WhiteElo "1381"]
[BlackElo "1540"]
[PlyCount "112"]

1. e4 e5 2. Nf3 Nc6 3. d4 Qf6 4. Bg5 Qd6 5. d5 Na5 6. Nc3 Qb4 7. Qc1 c6 8. a3
Qb6 9. Nxe5 f6 10. Be3 Bc5 11. Bxc5 Qxc5 12. Nd3 Qd4 13. Be2 Ne7 14. dxc6 dxc6
15. O-O h5 16. Nf4 g6 17. Rd1 Qe5 18. Nd3 Qc7 19. Qe3 Bg4 20. Bxg4 hxg4 21. g3
O-O-O 22. Nf4 Nc4 23. Qxa7 Rxd1+ 24. Rxd1 Nxb2 25. Ne6 Qb8 26. Qxb8+ Kxb8 27.
Rb1 Nc4 28. Nc5 b5 29. a4 Nd2 30. Rd1 Nf3+ 31. Kg2 Rxh2+ 32. Kf1 Rh1+ 33. Ke2
Rxd1 34. Kxd1 bxa4 35. N3xa4 f5 36. Nc3 g5 37. Nd3 Kc7 38. e5 Nd5 39. Nxd5+
cxd5 40. c3 Kd7 41. Nc5+ Ke7 42. e6 f4 43. gxf4 gxf4 44. Ke2 d4 45. cxd4 Nxd4+
46. Kf1 Nxe6 47. Nxe6 Kxe6 48. Ke2 Ke5 49. f3 g3 50. Kf1 Kd4 51. Ke2 Kc3 52.
Kf1 Kd3 53. Kg2 Ke3 54. Kf1 Kxf3 55. Kg1 g2 56. Kh2 Kf2 0-1

[Event "Tournoi francophone 007 Groupe C"]
[Site "Skype"]
[Date "????.??.??"]
[Round "2.4"]
[White "Vincent, Andre"]
[Black "Gabriele, Noel"]
[Result "1-0"]
[WhiteElo "1263"]
[BlackElo "1404"]
[PlyCount "55"]

1. Nf3 Nf6 2. d4 d5 3. e3 e6 4. c3 Bd6 5. Be2 O-O 6. Nbd2 Ne4 7. Nxe4 dxe4 8.
Nd2 f5 9. Nf1 Nc6 10. b4 a6 11. f4 g5 12. Ng3 gxf4 13. exf4 Qh4 14. O-O Bd7 15.
a4 Ne7 16. Bc4 Ng6 17. Qh5 Qxh5 18. Nxh5 Nh4 19. Be3 Kh8 20. Be2 Ng6 21. d5 Ne7
22. Bd4+ Kg8 23. dxe6 Bxe6 24. Ng7 Bf7 25. b5 a5 26. c4 Nc8 27. Nxf5 Bb4 28.
Nh6# 1-0

[Event "Tournoi francophone 007 Groupe C"]
[Site "Skype"]
[Date "????.??.??"]
[Round "2.5"]
[White "Tamditi, Ibrahim"]
[Black "Le Brun, Yves"]
[Result "1-0"]
[WhiteElo "1367"]
[BlackElo "1491"]
[PlyCount "105"]

1. e4 d5 2. exd5 Qxd5 3. Nc3 Qa5 4. Bc4 c6 5. Nf3 e6 6. O-O Nf6 7. Nd4 Bd7 8.
Re1 Be7 9. d3 h6 10. a3 a6 11. b4 Qc7 12. Qf3 O-O 13. Bf4 Bd6 14. Bxd6 Qxd6 15.
Nde2 e5 16. Rad1 Bg4 17. Qe3 Nd5 18. Bxd5 cxd5 19. f3 Be6 20. d4 Nc6 21. dxe5
Nxe5 22. Ne4 Qc7 23. Nc5 Rad8 24. Nd4 Nc4 25. Qc3 Bc8 26. Nd3 Rfe8 27. Rxe8+
Rxe8 28. Nb2 Re3 29. Rd3 Rxd3 30. Nxd3 g6 31. Nb2 b5 32. Nb3 Qf4 33. Nd3 Qd6
34. Qe1 Bf5 35. Nbc5 Nxa3 36. Qc1 Kg7 37. Qxa3 Bxd3 38. Qxd3 d4 39. Qa3 Qe5 40.
Ne4 f5 41. Ng3 Qe1+ 42. Nf1 Qe6 43. Qb2 Qb6 44. Ne3 Kf7 45. Nd5 Qa7 46. Qb3 d3+
47. Kf1 Qd4 48. Nf4+ Kf8 49. Nxd3 Qa1+ 50. Kf2 Qd4+ 51. Ke2 Ke7 52. Nc5 Qe5+
53. Kf2 1-0

[Event "Tournoi francophone 007 Groupe C"]
[Site "Skype"]
[Date "????.??.??"]
[Round "3.1"]
[White "Le Brun, Yves"]
[Black "Bouffard, Georges"]
[Result "1-0"]
[WhiteElo "1491"]
[BlackElo "1251"]
[PlyCount "69"]

1. d4 Nf6 2. f4 Ne4 3. Nd2 d5 4. e3 Bf5 5. Qe2 c6 6. g4 Bc8 7. Bg2 f5 8. g5 g6
9. Ngf3 Be6 10. Ne5 Nd7 11. Nxe4 Nxe5 12. Nc5 Bc8 13. fxe5 e6 14. Nd3 Be7 15.
h4 O-O 16. Bd2 Qc7 17. c3 c5 18. Nf4 Kf7 19. h5 Bxg5 20. hxg6+ hxg6 21. Rh7+
Ke8 22. Rxc7 Bh4+ 23. Kd1 Kd8 24. Rxc5 Rg8 25. c4 g5 26. Nxd5 exd5 27. Rxd5+
Bd7 28. e6 Ke7 29. exd7 Rad8 30. Re5+ Kf6 31. Qd3 Bg3 32. Qxf5+ Kg7 33. Qxg5+
Kf7 34. Re7+ Kf8 35. Qf6# 1-0

[Event "Tournoi francophone 007 Groupe C"]
[Site "Skype"]
[Date "????.??.??"]
[Round "3.2"]
[White "Gabriele, Noel"]
[Black "Tamditi, Ibrahim"]
[Result "1/2-1/2"]
[WhiteElo "1404"]
[BlackElo "1367"]
[PlyCount "68"]

1. e4 g6 2. d4 Bg7 3. Nf3 e6 4. Bc4 Ne7 5. O-O O-O 6. Nc3 a6 7. d5 Bxc3 8. bxc3
exd5 9. exd5 Re8 10. Bg5 d6 11. Nd4 Kg7 12. Qd2 f6 13. Bh6+ Kf7 14. f4 b5 15.
Bd3 Nxd5 16. f5 g5 17. c4 Ne3 18. Ne6 Bxe6 19. fxe6+ Rxe6 20. Rf3 Nxc4 21. Qf2
Ne5 22. Rg3 Nxd3 23. cxd3 Kg6 24. Rh3 Nd7 25. d4 c6 26. Qc2+ Kf7 27. Qxh7+ Ke8
28. Qh8+ Ke7 29. Qg7+ Ke8 30. Qg8+ Ke7 31. Qh7+ Ke8 32. Qg8+ Ke7 33. Qg7+ Ke8
34. Qg8+ Ke7 1/2-1/2

[Event "Tournoi francophone 007 Groupe C"]
[Site "Skype"]
[Date "????.??.??"]
[Round "3.3"]
[White "Ambrosino, Theo"]
[Black "Vincent, Andre"]
[Result "1-0"]
[WhiteElo "1540"]
[BlackElo "1263"]
[PlyCount "55"]

1. c4 Nf6 2. Nc3 d5 3. cxd5 Nxd5 4. g3 c6 5. Bg2 e6 6. Nf3 Be7 7. O-O Nd7 8. d4
O-O 9. e4 Nxc3 10. bxc3 Rb8 11. Bf4 Ra8 12. d5 Nf6 13. d6 Nxe4 14. dxe7 Qxe7
15. Bd6 Nxd6 16. Rb1 Rd8 17. Qc2 Nc4 18. Rfd1 Na3 19. Rxd8+ Qxd8 20. Rd1 Qe8
21. Qd2 h6 22. Ne5 f6 23. Qd8 Qxd8 24. Rxd8+ Kh7 25. Nf7 Kg6 26. Nh8+ Kf5 27.
Bh3+ Ke5 28. Rd4 1-0

[Event "Tournoi francophone 007 Groupe C"]
[Site "Skype"]
[Date "????.??.??"]
[Round "3.4"]
[White "Malbec, Robert"]
[Black "Briere, Jean"]
[Result "1-0"]
[WhiteElo "1467"]
[BlackElo "1381"]
[PlyCount "67"]

1. e4 e5 2. Nf3 Nc6 3. Bc4 Bc5 4. c3 Nf6 5. d4 exd4 6. cxd4 Bb6 7. Nc3 d6 8.
O-O O-O 9. Re1 Be6 10. d5 Ng4 11. Re2 Nxf2 12. Rxf2 Bxf2+ 13. Kxf2 Bxd5 14.
Bxd5 Qe8 15. Ng5 h6 16. Nh3 Rb8 17. Qg4 Ne5 18. Qg3 Kh8 19. Kg1 Ng6 20. Be3 b6
21. Nf4 Nxf4 22. Qxf4 Qe5 23. Qxe5 dxe5 24. Rf1 f6 25. Nb5 c5 26. Nc7 Rbc8 27.
Ne6 Rfe8 28. Rd1 c4 29. Bd2 b5 30. Rc1 Kh7 31. a3 Kh8 32. Rc3 Rxe6 33. Bxe6 Rd8
34. Bd5 1-0

[Event "Tournoi francophone 007 Groupe C"]
[Site "Skype"]
[Date "????.??.??"]
[Round "3.5"]
[White "Maccaferri, Massimo"]
[Black "Hargez, Dany"]
[Result "1-0"]
[WhiteElo "1357"]
[BlackElo "1308"]
[PlyCount "33"]

1. e4 e5 2. Nc3 Nf6 3. Nd5 Nxd5 4. exd5 Bd6 5. Bc4 Qg5 6. g3 c6 7. d4 Qf6 8.
dxc6 Nxc6 9. c3 O-O 10. d5 Ne7 11. Nf3 h6 12. Qc2 Ng6 13. Bd3 Be7 14. h4 Qxf3
15. Be4 Qf6 16. h5 Nh8 17. Bh7# 1-0

[Event "Tournoi francophone 007 Groupe C"]
[Site "Skype"]
[Date "????.??.??"]
[Round "4.1"]
[White "Bouffard, Georges"]
[Black "Maccaferri, Massimo"]
[Result "1-0"]
[WhiteElo "1251"]
[BlackElo "1357"]
[PlyCount "117"]

1. e4 e5 2. c4 Nf6 3. d3 Bb4+ 4. Bd2 Bxd2+ 5. Qxd2 Qe7 6. a3 Nc6 7. Ne2 d6 8.
h3 h5 9. Nbc3 Be6 10. Qc2 g5 11. Nd5 Qd8 12. Ne3 h4 13. Nf5 Nh5 14. f3 Qf6 15.
c5 Bxf5 16. exf5 Qxf5 17. cxd6 cxd6 18. Qc4 Nf4 19. Nxf4 gxf4 20. O-O-O Rc8 21.
Kb1 Nd4 22. Qa4+ Rc6 23. Qxa7 O-O 24. Qxb7 Rfc8 25. Qb4 R8c7 26. Qd2 Qc8 27.
Be2 Nxe2 28. Qxe2 Qb8 29. Rd2 Ra6 30. Rc1 Rca7 31. Rc3 Rxa3 32. Rxa3 Rxa3 33.
Qe4 Ra5 34. Qc4 Rc5 35. Qa2 Qb4 36. b3 Rc3 37. Kb2 Rc5 38. Kb1 Ra5 39. Qb2 d5
40. Qxe5 Qxd2 41. Qg5+ Kf8 42. Qd8+ Kg7 43. Qxa5 Qxd3+ 44. Kb2 d4 45. Qe5+ Kg6
46. Qe4+ Qxe4 47. fxe4 Kf6 48. Kc2 Ke5 49. Kd3 f6 50. b4 Kd6 51. Kxd4 Kc6 52.
Kc4 Kb6 53. b5 Kb7 54. Kc5 Kc7 55. b6+ Kb7 56. Kb5 Kb8 57. Kc6 Kc8 58. b7+ Kb8
59. Kb6 1-0

[Event "Tournoi francophone 007 Groupe C"]
[Site "Skype"]
[Date "????.??.??"]
[Round "4.2"]
[White "Briere, Jean"]
[Black "Hargez, Dany"]
[Result "1-0"]
[WhiteElo "1381"]
[BlackElo "1308"]
[PlyCount "107"]

1. e4 e5 2. Nf3 Nf6 3. Nxe5 d5 4. exd5 Qxd5 5. Qe2 Be7 6. Qb5+ Qxb5 7. Bxb5+ c6
8. Bc4 Be6 9. Bxe6 fxe6 10. Nc3 O-O 11. O-O Bd6 12. Re1 Re8 13. d4 Nbd7 14. Bg5
Bxe5 15. dxe5 Nd5 16. Bd2 Rf8 17. Re2 Rf5 18. Nxd5 cxd5 19. f4 Nc5 20. g4 Rff8
21. Rf1 Ne4 22. f5 exf5 23. gxf5 Rae8 24. e6 Rf6 25. c4 Nxd2 26. Rxd2 dxc4 27.
Rd7 Rb8 28. e7 Re8 29. Rd8 Kf7 30. Rxe8 Kxe8 31. Re1 Rf7 32. Kg2 Rxe7 33. Rxe7+
Kxe7 34. Kg3 Kf6 35. Kf4 g6 36. fxg6 hxg6 37. Ke4 Ke6 38. Kd4 b5 39. Kc5 a6 40.
Kb6 Kd5 41. Kxa6 b4 42. Kb5 Kd4 43. Kxb4 Kd3 44. a4 Kd4 45. a5 Kd5 46. a6 Kc6
47. Kxc4 Kb6 48. Kd4 Kxa6 49. Ke5 Kb5 50. Ke6 g5 51. Kf5 Kb4 52. Kxg5 Kb3 53.
h4 Kxb2 54. h5 1-0

[Event "Tournoi francophone 007 Groupe C"]
[Site "Skype"]
[Date "????.??.??"]
[Round "4.3"]
[White "Vincent, Andre"]
[Black "Malbec, Robert"]
[Result "1-0"]
[WhiteElo "1263"]
[BlackElo "1467"]
[PlyCount "85"]

1. e4 e5 2. Nf3 Nc6 3. Nc3 Nf6 4. Bb5 Bd6 5. O-O Ne7 6. Bc4 O-O 7. h3 h6 8. d4
Nc6 9. dxe5 Nxe5 10. Nxe5 Bxe5 11. Nd5 c6 12. Nxf6+ Qxf6 13. c3 Qg6 14. Qf3 b5
15. Bb3 Bb7 16. Be3 d6 17. Qf5 Qxf5 18. exf5 c5 19. Bc2 Rae8 20. Rfe1 Rd8 21.
Rad1 a6 22. f4 b4 23. fxe5 dxe5 24. Bxc5 Rfe8 25. Bxb4 e4 26. Re3 Rxd1+ 27.
Bxd1 Re5 28. g4 Rd5 29. Bb3 Rd2 30. Ba3 Kh7 31. Bxf7 Rc2 32. Bg6+ Kg8 33. h4
Rc1+ 34. Kg2 Ra1 35. g5 Rxa2 36. gxh6 gxh6 37. f6 Bd5 38. Bxe4 Bxe4+ 39. Rxe4
Kf7 40. Re1 Kxf6 41. c4 Kg6 42. Kg3 Kf6 43. c5 1-0

[Event "Tournoi francophone 007 Groupe C"]
[Site "Skype"]
[Date "????.??.??"]
[Round "4.4"]
[White "Tamditi, Ibrahim"]
[Black "Ambrosino, Theo"]
[Result "1-0"]
[WhiteElo "1367"]
[BlackElo "1540"]
[PlyCount "33"]

1. e4 e5 2. Bc4 Nf6 3. Nf3 Nxe4 4. Nxe5 d5 5. Qf3 f6 6. Qh5+ g6 7. Nxg6 hxg6 8.
Qxh8 dxc4 9. d3 cxd3 10. Bh6 Nd7 11. cxd3 Nec5 12. O-O Nxd3 13. Rd1 Qe7 14. Nc3
N3e5 15. Nd5 Nf7 16. Bxf8 Nxf8 17. Nxf6+ 1-0

[Event "Tournoi francophone 007 Groupe C"]
[Site "Skype"]
[Date "????.??.??"]
[Round "4.5"]
[White "Le Brun, Yves"]
[Black "Gabriele, Noel"]
[Result "1-0"]
[WhiteElo "1491"]
[BlackElo "1404"]
[PlyCount "51"]

1. d4 d5 2. f4 Nf6 3. e3 e6 4. Nd2 c6 5. Bd3 Bd6 6. Ngf3 O-O 7. c3 g6 8. Ne5
Ne8 9. Ndf3 Nd7 10. g4 Nxe5 11. fxe5 Be7 12. h4 Kh8 13. e4 Rg8 14. Bg5 Ng7 15.
Qd2 Qf8 16. Bf6 Bxf6 17. exf6 Ne8 18. e5 Nc7 19. O-O-O c5 20. h5 c4 21. Bc2 Bd7
22. Ng5 Be8 23. hxg6 h6 24. g7+ Rxg7 25. Rxh6+ Kg8 26. Rdh1 1-0

[Event "Tournoi francophone 007 Groupe C"]
[Site "Skype"]
[Date "????.??.??"]
[Round "5.1"]
[White "Gabriele, Noel"]
[Black "Bouffard, Georges"]
[Result "1-0"]
[WhiteElo "1404"]
[BlackElo "1251"]
[PlyCount "35"]

1. Nf3 Nc6 2. d4 d5 3. e3 Nf6 4. Be2 e6 5. O-O Bd6 6. Nc3 a6 7. Nd2 Ne7 8. f4
c6 9. Nf3 h6 10. Ne5 Ng6 11. Bd3 Ne4 12. Nxe4 f5 13. Nxd6+ Qxd6 14. Nxg6 Rh7
15. Qh5 Kf7 16. Ne5+ Kg8 17. Qf7+ Kh8 18. Qe8+ 1-0

[Event "Tournoi francophone 007 Groupe C"]
[Site "Skype"]
[Date "????.??.??"]
[Round "5.2"]
[White "Ambrosino, Theo"]
[Black "Le Brun, Yves"]
[Result "1-0"]
[WhiteElo "1540"]
[BlackElo "1491"]
[PlyCount "105"]

1. c4 c5 2. Nc3 Nc6 3. g3 d6 4. Bg2 Nf6 5. d3 h6 6. Nf3 e5 7. O-O Be7 8. e4 Bd7
9. Nd5 Nxd5 10. cxd5 Nd4 11. Nxd4 cxd4 12. Bd2 Rc8 13. Rc1 O-O 14. Qb3 b6 15.
a4 a6 16. Rxc8 Bxc8 17. Rc1 Bg5 18. Bxg5 hxg5 19. Qa3 Bb7 20. Bh3 Qe7 21. a5 b5
22. b4 g6 23. Rc2 f5 24. Qc1 Rf7 25. f4 g4 26. Bg2 exf4 27. Qxf4 g5 28. Qc1 f4
29. gxf4 gxf4 30. Rf2 Qe5 31. Qf1 Bc8 32. h3 gxh3 33. Bxh3 Bxh3 34. Qxh3 Rg7+
35. Kf1 Rg3 36. Rg2 Kg7 37. Kf2 Kg6 38. Rxg3+ fxg3+ 39. Qxg3+ Qxg3+ 40. Kxg3
Kg5 41. Kf3 Kf6 42. Kf4 Ke7 43. Kf5 Kf7 44. e5 dxe5 45. Kxe5 Ke7 46. d6+ Kd7
47. Kd5 Kd8 48. Ke6 Ke8 49. Kd5 Kd7 50. Kc5 Kc8 51. Kc6 Kd8 52. d7 Ke7 53. Kc7
1-0

[Event "Tournoi francophone 007 Groupe C"]
[Site "Skype"]
[Date "????.??.??"]
[Round "5.3"]
[White "Malbec, Robert"]
[Black "Tamditi, Ibrahim"]
[Result "0-1"]
[WhiteElo "1467"]
[BlackElo "1367"]
[PlyCount "80"]

1. e4 g6 2. d4 Bg7 3. Nf3 d6 4. Bc4 Nf6 5. Nc3 c6 6. Bb3 Qa5 7. Bd2 Qh5 8. Ng5
Qxd1+ 9. Rxd1 e6 10. Nxe6 Bxe6 11. Bxe6 fxe6 12. O-O Nh5 13. Be3 Nd7 14. d5
cxd5 15. exd5 e5 16. Nb5 O-O 17. Nc7 Rac8 18. Ne6 Rfe8 19. c3 b6 20. a3 Nc5 21.
Bxc5 bxc5 22. Rfe1 Bf6 23. g3 a5 24. Kg2 Rb8 25. Rb1 Rb7 26. h4 Reb8 27. Re2
Be7 28. f3 Nf6 29. c4 h6 30. g4 e4 31. g5 exf3+ 32. Kxf3 Rb3+ 33. Kf4 hxg5+ 34.
hxg5 Nh5+ 35. Kg4 Rg3+ 36. Kh4 Rbb3 37. Rh2 Rbe3 38. Rf1 Re4+ 39. Rf4 Rxf4+ 40.
Nxf4 Bxg5# 0-1

[Event "Tournoi francophone 007 Groupe C"]
[Site "Skype"]
[Date "????.??.??"]
[Round "5.4"]
[White "Hargez, Dany"]
[Black "Vincent, Andre"]
[Result "1-0"]
[WhiteElo "1308"]
[BlackElo "1263"]
[PlyCount "121"]

1. e4 e5 2. Bc4 Nf6 3. d3 Be7 4. Bg5 O-O 5. Nf3 d6 6. Bxf6 Bxf6 7. Nbd2 Nc6 8.
c3 a6 9. Bd5 Bd7 10. O-O b5 11. c4 Rb8 12. b3 Nb4 13. Nb1 c6 14. a3 Nxd5 15.
cxd5 c5 16. Nc3 a5 17. h3 Bg5 18. Re1 f5 19. Re2 f4 20. Nh2 Qf6 21. f3 Bh4 22.
Nf1 Qg6 23. Kh2 Bg3+ 24. Nxg3 Qxg3+ 25. Kh1 Rf6 26. Qg1 Rh6 27. Qh2 Qxh2+ 28.
Kxh2 Rf8 29. Rg1 Rff6 30. g4 fxg3+ 31. Rxg3 Rfg6 32. Reg2 Rxg3 33. Rxg3 Rf6 34.
Ne2 h6 35. h4 Kh7 36. h5 Be8 37. Rh3 Bd7 38. Rg3 a4 39. b4 cxb4 40. axb4 Be8
41. Rh3 g6 42. hxg6+ Bxg6 43. Nc3 Be8 44. Kg2 Bd7 45. Rg3 h5 46. Kf2 h4 47. Rg2
h3 48. Rh2 Rh6 49. Ke3 Rg6 50. Ne2 a3 51. Nc3 Rg2 52. Rh1 h2 53. Ne2 Bh3 54.
Ra1 Kg7 55. f4 exf4+ 56. Nxf4 Rg1 57. Nh5+ Kh6 58. Ng3 Rxa1 59. e5 h1=Q 60.
Nxh1 Rxh1 61. exd6 1-0

[Event "Tournoi francophone 007 Groupe C"]
[Site "Skype"]
[Date "????.??.??"]
[Round "5.5"]
[White "Maccaferri, Massimo"]
[Black "Briere, Jean"]
[Result "0-1"]
[WhiteElo "1357"]
[BlackElo "1381"]
[PlyCount "126"]

1. e4 e5 2. Nc3 Nf6 3. Bc4 Bc5 4. Nd5 d6 5. h4 O-O 6. d3 Nxd5 7. Bxd5 Qf6 8.
Be3 Bxe3 9. fxe3 c6 10. Bb3 Be6 11. Qf3 Nd7 12. O-O-O Bxb3 13. axb3 a5 14. Rf1
Qe6 15. d4 d5 16. exd5 cxd5 17. Ne2 e4 18. Qg3 Rac8 19. Nf4 Qc6 20. c3 b5 21.
Nh5 g6 22. Nf4 b4 23. h5 bxc3 24. bxc3 Qxc3+ 25. Kd1 Qc2+ 26. Ke1 Rc6 27. hxg6
fxg6 28. Qg4 Qb2 29. Ne2 Nf6 30. Qg5 Kg7 31. Qh6+ Kf7 32. g4 Ke7 33. g5 Qb1+
34. Kf2 Qxf1+ 35. Kxf1 Ng4+ 36. Kg2 Nxh6 37. Rxh6 Rf7 38. Nf4 Rd6 39. Kg3 Kf8
40. Rh1 Rb6 41. Nxd5 Rxb3 42. Ra1 Rb5 43. Nc7 Rxg5+ 44. Kh4 Rh5+ 45. Kg3 h6 46.
d5 Rxc7 47. Rxa5 Rd7 48. Kf4 Rdxd5 49. Rxd5 Rxd5 50. Kxe4 Rf5 51. Kd4 Ke7 52.
e4 Rf2 53. Kd5 g5 54. e5 g4 55. Ke4 g3 56. Ke3 Rf8 57. Ke4 g2 58. Kd5 g1=Q 59.
e6 Rf5+ 60. Ke4 Qg4+ 61. Ke3 Rf3+ 62. Ke2 Qg2+ 63. Ke1 Rf1# 0-1

[Event "Tournoi francophone 007 Groupe C"]
[Site "Skype"]
[Date "????.??.??"]
[Round "6.1"]
[White "Bouffard, Georges"]
[Black "Briere, Jean"]
[Result "1-0"]
[WhiteElo "1251"]
[BlackElo "1381"]
[PlyCount "75"]

1. d4 d5 2. g3 Nf6 3. Bg2 Bf5 4. Nd2 Nc6 5. e3 Nb4 6. c3 Nc2+ 7. Kf1 Nxa1 8.
Ne2 Nc2 9. Bf3 e6 10. a3 Bd6 11. Rg1 O-O 12. g4 Bg6 13. Nf4 Bxf4 14. exf4 Qd6
15. Nb3 b6 16. Rg2 Nxd4 17. cxd4 Be4 18. Rg3 Bxf3 19. Rxf3 Ne4 20. Rh3 f5 21.
f3 fxg4 22. Rh5 gxf3 23. Qxf3 Ng5 24. Rxg5 Rf6 25. Qg4 g6 26. Re5 Rf5 27. Qh4
Kg7 28. Qe1 Re8 29. h4 Rxe5 30. dxe5 Qd7 31. Qg3 Rf8 32. h5 Rf5 33. Nd4 Rxh5
34. Qg4 Kf7 35. Kg2 Qa4 36. Qxe6+ Kg7 37. Qf6+ Kh6 38. Qf8# 1-0

[Event "Tournoi francophone 007 Groupe C"]
[Site "Skype"]
[Date "????.??.??"]
[Round "6.2"]
[White "Vincent, Andre"]
[Black "Maccaferri, Massimo"]
[Result "1-0"]
[WhiteElo "1263"]
[BlackElo "1357"]
[PlyCount "67"]

1. e4 e5 2. Nf3 Nc6 3. Bb5 Nd4 4. Nxd4 exd4 5. d3 c6 6. Bc4 d5 7. exd5 cxd5 8.
Bb5+ Bd7 9. Qe2+ Be7 10. Bxd7+ Qxd7 11. O-O Nf6 12. Re1 h5 13. Bg5 Qd6 14. h3
Rc8 15. Na3 Rc7 16. Nb5 Qd7 17. Nxc7+ Qxc7 18. Rac1 Kd8 19. Qxe7+ Kc8 20. Qxc7+
Kxc7 21. Bxf6 gxf6 22. Re7+ Kc8 23. Rxf7 Rg8 24. Re1 Kd8 25. Rxb7 Kc8 26. Rxa7
Kb8 27. Ree7 Rh8 28. Rad7 Kc8 29. Rxd5 Rg8 30. Rxd4 Rg5 31. a4 Rc5 32. Rc4 Kd8
33. Rxc5 Kxe7 34. a5 1-0

[Event "Tournoi francophone 007 Groupe C"]
[Site "Skype"]
[Date "????.??.??"]
[Round "6.3"]
[White "Tamditi, Ibrahim"]
[Black "Hargez, Dany"]
[Result "1-0"]
[WhiteElo "1367"]
[BlackElo "1308"]
[PlyCount "41"]

1. Nf3 Nc6 2. g3 e5 3. d3 d5 4. Bg2 Nf6 5. Bg5 Bb4+ 6. c3 Ba5 7. Qa4 O-O 8. O-O
Bg4 9. Re1 Bb6 10. Bxf6 Qxf6 11. Qxg4 h6 12. Rf1 e4 13. dxe4 dxe4 14. Qxe4 Rae8
15. Qc2 Re6 16. e3 Rxe3 17. fxe3 Bxe3+ 18. Kh1 Bb6 19. Nd4 Qd6 20. Nxc6 bxc6
21. Nd2 1-0